| Tag |
First Indicator |
Second Indicator |
Subfields |
| LEADER |
00000cam a2200000 a 4500 |
| 001 |
in00003202613 |
| 005 |
20200611141506.0 |
| 008 |
120723s2013 nyu b 001 0 eng |
| 010 |
|
|
|a 2012029884
|
| 035 |
|
|
|a (OCoLC)ocn803472498
|
| 040 |
|
|
|a DLC
|c DLC
|
| 020 |
|
|
|a 9780199970773 (hardback)
|
| 020 |
|
|
|a 0199970777 (hardback)
|
| 020 |
|
|
|a 9780199970780 (pbk.)
|
| 020 |
|
|
|a 0199970785 (pbk.)
|
| 050 |
0 |
0 |
|a HM742
|b .D55 2013
|
| 082 |
0 |
0 |
|a 302.30285
|2 23
|
| 049 |
|
|
|a TXAM
|
| 100 |
1 |
|
|a Dijck, José van.
|
| 245 |
1 |
4 |
|a The culture of connectivity :
|b a critical history of social media /
|c José van Dijck.
|
| 260 |
|
|
|a New York :
|b Oxford University Press,
|c c2013.
|
| 300 |
|
|
|a ix, 228 p. ;
|c 25 cm.
|
| 336 |
|
|
|a text
|b txt
|2 rdacontent
|
| 337 |
|
|
|a unmediated
|b n
|2 rdamedia
|
| 338 |
|
|
|a volume
|b nc
|2 rdacarrier
|
| 504 |
|
|
|a Includes bibliographical references and index.
|
| 505 |
0 |
|
|a Engineering sociality in a culture of connectivity -- Disassembling platforms, reassembling sociality -- Facebook and the imperative of sharing -- Twitter and the paradox of following and trending -- Flickr between communities and commerce -- YouTube: the intimate connection between television and video sharing -- Wikipedia and the neutrality principle -- The ecosystem of connective media: lock in, fence off, opt out?
|
| 520 |
|
|
|a Social media penetrate our lives. Facebook, YouTube, Twitter and many other platforms define daily habits of communication and creative production. This book studies the rise of social media, providing both a historical and a critical analysis of the emergence of major platforms in the context of a rapidly changing ecosystem of connective media. Author José van Dijck offers an analytical prism that can be used to view techno-cultural as well as socio-economic aspects of this transformation as well as to examine shared ideological principles between major social media platforms. This fascinating study will appeal to all readers interested in social media.
|
| 650 |
|
0 |
|a Social media
|x History.
|
| 650 |
|
0 |
|a Online social networks
|x History.
|
| 945 |
|
|
|a PromptCat
|b 325413
|
| 946 |
|
|
|a stk
|
| 947 |
|
|
|a A14835756007
|
| 948 |
|
|
|a cataloged
|b h
|c 2013/5/17
|d c
|e dmitchel
|f 8:20:10 am
|
| 994 |
|
|
|a 92
|b TXA
|
| 999 |
f |
f |
|s 35209dc1-8c01-361f-b50d-6766182877c4
|i 719e6a17-9595-30d0-af72-2ceb7735b82c
|t 0
|
| 952 |
f |
f |
|p normal
|a Texas A&M University
|b College Station
|c Sterling C. Evans Library
|d Evans: Library Stacks
|t 0
|e HM742 .D55 2013
|h Library of Congress classification
|i unmediated -- volume
|m A14843655508
|
| 998 |
f |
f |
|a HM742 .D55 2013
|t 0
|l Evans: Library Stacks
|